Study of plant structure principles and selected methods (Record no. 36451)

MARC details
000 -LEADER
fixed length control field 00610nam a2200217Ia 4500
082 ## - DEWEY DECIMAL CLASSIFICATION NUMBER
Classification number 581
Item number OBR
100 ## - MAIN ENTRY--AUTHOR NAME
Personal name MCCULLY, M E
245 #0 - TITLE STATEMENT
Title Study of plant structure principles and selected methods
260 ## - PUBLICATION, DISTRIBUTION, ETC. (IMPRINT)
Place of publication Melbourne
Name of publisher Termarcarphi pty Ltd
Year of publication 1981
650 ## - SUBJECT ADDED ENTRY--TOPICAL TERM
Topical Term Epidemis isolation
650 ## - SUBJECT ADDED ENTRY--TOPICAL TERM
Topical Term Fluorescence microscopy
650 ## - SUBJECT ADDED ENTRY--TOPICAL TERM
Topical Term Microscopic method
650 ## - SUBJECT ADDED ENTRY--TOPICAL TERM
Topical Term Microtome
650 ## - SUBJECT ADDED ENTRY--TOPICAL TERM
Topical Term Mounting
650 ## - SUBJECT ADDED ENTRY--TOPICAL TERM
Topical Term Photo micrography
650 ## - SUBJECT ADDED ENTRY--TOPICAL TERM
Topical Term Plant structure
650 ## - SUBJECT ADDED ENTRY--TOPICAL TERM
Topical Term Scanning electron microscopy
700 ## - ADDED ENTRY--PERSONAL NAME
Personal name O'BRIEN, T P
942 ## - ADDED ENTRY ELEMENTS (KOHA)
Koha item type Books
Holdings
Withdrawn status Lost status Damaged status Not for loan Home library Current library Date acquired Full call number Accession Number Koha item type
        RRII Library RRII Library 16/12/2021 581 OBR 16857 Books